Les 50 villes les plus peuplées de Corse - Statistiques

Statistiques générales
  • Ce quiz a été pris 36 fois
  • Le résultat moyen est 20 sur 50
Statistiques - réponses
nombre d'habitant ville % Correct
76 320 Ajaccio
100%
46 867 Bastia
100%
5 788 Calvi
94%
11 198 Porto-Vecchio
94%
7 819 Corte
91%
3 344 Bonifacio
88%
3 231 L'Île-Rousse
81%
3 742 Sartène
81%
1 694 Saint-Florent
78%
10 311 Borgo
75%
3 996 Propriano
72%
2 267 Aléria
59%
6 585 Furiani
59%
4 405 Ghisonaccia
56%
3 350 Afa
50%
7 642 Biguglia
50%
1 772 Figari
50%
4 411 Bastelicaccia
47%
6 923 Lucciana
47%
3 681 Alata
41%
2 684 Calenzana
38%
2 989 Zonza
38%
3 900 Grosseto-Prugna
34%
3 406 Vescovato
31%
1 224 Lumio
28%
2 065 Monticello
28%
1 445 Sari-Solenzara
28%
2 134 Lecci
25%
1 289 Olmeto
25%
1 973 Santa-Maria-di-Lota
25%
3 278 Sarrola-Carcopino
25%
1 780 Oletta
22%
3 671 Penta-di-Casinca
22%
3 056 San-Martino-di-Lota
22%
2 149 Cervione
19%
2 060 Cuttoli-Corticchiato
19%
2 044 Peri
19%
2 062 San-Nicolao
19%
1 514 Santa-Lucia-di-Moriani
19%
1 874 Venzolasca
19%
3 215 Ville-di-Pietrabugno
19%
1 389 Eccica-Suarella
16%
2 074 Pietrosella
16%
1 584 Brando
13%
1 486 Cauro
13%
3 880 Prunelli-di-Fiumorbo
13%
1 893 Sotta
13%
2 629 Ventiseri
13%
1 833 Albitreccia
6%
1 749 Appietto
6%
Aucun quiz correspondant
Distribution des résultats
% des personnes avec chaque résultat
Percentile par nombre de réponses
Votre historique - résultats
Vous n’avez pas pris ce quiz